Domeny internetowe Goeguessr - Statystyki

Ogólne statystyki
  • Ten quiz został rozwiązany 60 razy
  • Średni wynik to 28 z 101
Statystyki odpowiedzi
Domena Państwo / Teren % Poprawnych
.al Albania
81%
.be .eu Belgia
74%
.au Australia
71%
.at .eu Austria
71%
.bd .বাংলা Bangladesz
71%
.bo Boliwia
61%
.br Brazylia
61%
.bg .eu .бг .ею Bułgaria
61%
.ar Argentyna
58%
.cz .eu Czechy
55%
.dk .eu Dania
55%
.ca Kanada
48%
.in .بھارت .भारत .ভারত .ਭਾਰਤ .ભારત .ଭାରତ .இந்தியா .భారత్ .ಭಾರತ .ഭാരതം Indie
45%
.eu .fi Finlandia
42%
.eu .fr Francja
42%
.eu .gr .ελ Grecja
42%
.eu .pl Polska
42%
.ru .рф Rosja
42%
.us Stany Zjednoczone (USA)
42%
.tw .台湾 .台灣 Tajwan
42%
.uk Wielka Brytania
42%
.ad Andora
39%
.eu .hr Chorwacja
39%
.jp Japonia
39%
.eu .lv Łotwa
39%
.eu .ro Rumunia
39%
.eu .hu Węgry
39%
.eu .it Włochy
39%
.bw Botswana
35%
.cl Chile
35%
.ee .eu Estonia
35%
.gh Ghana
35%
.eu .nl Holandia (Niderlandy)
35%
.is Islandia
35%
.co Kolumbia
35%
.de .eu Niemcy
35%
.no Norwegia
35%
.eu .pt Portugalia
35%
.ch .swiss Szwajcaria
35%
.th .ไทย Tajlandia
35%
.do Dominikana
32%
.kr .한국 Korea Południowa
32%
.eu .lt Litwa
32%
.eu .lu Luksemburg
32%
.nz Nowa Zelandia
32%
.eu .sk Słowacja
32%
.bt Bhutan
29%
.ph Filipiny
29%
.es .eu Hiszpania
29%
.id Indonezja
29%
.eu .ie Irlandia
29%
.pe Peru
29%
.jo .الاردن Jordania
26%
.kg Kirgistan
26%
.eu .si Słowenia
26%
.eu .se Szwecja
26%
.ec Ekwador
23%
.kh Kambodża
23%
.mk .мкд Macedonia Północna
23%
.mx Meksyk
23%
.za Republika Południowej Afryki (RPA)
23%
.rs .срб Serbia
23%
.tr Turcja
23%
.ug Uganda
23%
.ua .укр Ukraina
23%
.uy Urugwaj
23%
.ae .امارات Zjednoczone Emiraty Arabskie (ZEA)
23%
.ke Kenia
19%
.my .مليسيا Malezja
19%
.ng Nigeria
19%
.la .ລາວ Laos
16%
.eu .mt Malta
16%
.sm San Marino
16%
.lk .இலங்கை .ලංකා Sri Lanka
16%
.tn .تونس Tunezja
16%
.gi Gibraltar
13%
.sg Singapur
13%
.me Czarnogóra
10%
.gt Gwatemala
10%
.mn .мон Mongolia
10%
.pr Portoryko
10%
.il Izrael
6%
.mc Monako
6%
.vn Wietnam
6%
.cw Curaçao
3%
.sz Eswatini
3%
.mg Madagaskar
3%
.as Samoa Amerykańskie
3%
.eu Unia Europejska
3%
.fo Wyspy Owcze
3%
.eu Cypr
0%
.gl Grenlandia
0%
.gu Guam
0%
.je Jersey
0%
.ls Lesotho
0%
.mp Mariany Północne
0%
.sn Senegal
0%
.cx Wyspa Bożego Narodzenia
0%
.im Wyspa Man
0%
.ax Wyspy Alandzkie
0%
.vi Wyspy Dziewicze
0%
Nie znaleziono quizów pasujących do podanych kryteriów
Rozkład punktacji
Procent ludzi z każdym wynikiem
Percentyl według liczby udzielonych odpowiedzi
Twoja historia wyników
Nie rozwiązałeś tego quizu